[Event "Brighton op"]
[Site "Brighton"]
[Date "2010.11.14"]
[Round "5"]
[White "Badham, Duncan"]
[Black "Benson, Peter"]
[Result "1/2-1/2"]
[WhiteElo "1794"]
[BlackElo "1746"]
[PlyCount "61"]
[EventDate "2010.11.12"]
[EventType "swiss"]
[EventRounds "5"]
[EventCountry "ENG"]
[SourceTitle "EXT 2011"]
[Source "ChessBase"]
[SourceDate "2010.11.26"]
[SourceVersion "1"]
[SourceVersionDate "2010.11.26"]
[SourceQuality "1"]

1. c4 c5 2. d4 cxd4 3. Qxd4 Nc6 4. Qd1 g6 5. Nc3 Bg7 6. Qc2 Nd4 7. Qd2 a6 8. e3 Nc6 9. Bd3 e6 10. a3 Nge7 11. Nf3 0-0 12. 0-0 d5 13. Qe2 Na5 14. cxd5 Nb3 15. Rb1 Nxc1 16. Rfxc1 Nxd5 17. Ne4 Bd7 18. b4 Bc6 19. Nd4 Rc8 20. Nxc6 Rxc6 21. Rxc6 bxc6 22. Rc1 a5 23. bxa5 Qxa5 24. g3 Qxa3 25. Rc4 Nb4 26. Nc5 Rd8 27. Be4 Nd5 28. Qf3 Qa1+ 29. Kg2 Qf6 30. Qxf6 Bxf6 31. Nb7 1/2-1/2